UBT Library

Biological science / (Record no. 47188)

000 -LEADER
fixed length control field 00649cam a2200229 a 4500
001 - CONTROL NUMBER
control field 14997828
005 - DATE AND TIME OF LATEST TRANSACTION
control field 20180815080802.0
008 - FIXED-LENGTH DATA ELEMENTS--GENERAL INFORMATION
fixed length control field 070907s2008 cauab 001 0 eng
010 ## - LIBRARY OF CONGRESS CONTROL NUMBER
LC control number 2007036866
020 ## - INTERNATIONAL STANDARD BOOK NUMBER
International Standard Book Number 9780132249508 (student ed.)
020 ## - INTERNATIONAL STANDARD BOOK NUMBER
International Standard Book Number 0132249502 (student ed.)
040 ## - CATALOGING SOURCE
Original cataloging agency DLC
Transcribing agency DLC
Modifying agency DLC
041 ## - LANGUAGE CODE
Language code of text/sound track or separate title eng
080 ## - UNIVERSAL DECIMAL CLASSIFICATION NUMBER
Universal Decimal Classification number 570
082 00 - DEWEY DECIMAL CLASSIFICATION NUMBER
Classification number 570
Edition number 22
100 1# - Rafti
Rafti 11
101 ## - Shkurtesa
Shkurtesa BIO
245 10 - TITLE STATEMENT
Title Biological science /
Statement of responsibility, etc Scott Freeman.
906 ## - LOCAL DATA ELEMENT F, LDF (RLIN)
a 7
b cbc
c orignew
d 1
e ecip
f 20
g y-gencatlg
942 ## - ADDED ENTRY ELEMENTS (KOHA)
Source of classification or shelving scheme
Item type Books
Holdings
Withdrawn status Lost status Source of classification or shelving scheme Damaged status Not for loan Collection code Permanent location Current location Date acquired Total Checkouts Full call number Barcode Date last seen Price effective from Koha item type Shelving location
          Koleksioni i përgjithshem UBT - Lipjan UBT - Lipjan 08/15/2018   570 FRE 002-3011386 08/15/2018 08/15/2018 Books  
          Koleksioni i përgjithshem UBT - Lipjan UBT - Lipjan 03/03/2021   570 FRE 002-6000225 03/03/2021 03/03/2021 Books Koleksioni i përgjithshem
UBT Library © 2015-2024. All rights reserved University Education for Business and Technology